Informe rendido por el licenciado José López Portillo y Rojas ante la segunda sala del Supremo Tribunal de Justicia como apoderado de don Luis Gómez Portugal en el interdicto de recuperar la posesión de una servidumbre, entablado por este señor contra don Ignacio Márquez /
Сохранить в:
| Главный автор: | |
|---|---|
| Формат: | |
| Язык: | испанский |
| Предметы: | |
| Метки: |
Нет меток, Требуется 1-ая метка записи!
|
MARC
| LEADER | 00000nam^a2200000^a^4500 | ||
|---|---|---|---|
| 001 | 000132348 | ||
| 005 | 20250526000000.0 | ||
| 009 | 20260310095054.704 | ||
| 037 | |a Acervo ITESO - Biblioteca | ||
| 041 | |a ESP | ||
| 082 | |a 346. 72350435 |b LOP | ||
| 100 | |a López Portillo y Rojas, José |e (autor) | ||
| 245 | 1 | 0 | |a Informe rendido por el licenciado José López Portillo y Rojas ante la segunda sala del Supremo Tribunal de Justicia como apoderado de don Luis Gómez Portugal en el interdicto de recuperar la posesión de una servidumbre, entablado por este señor contra don Ignacio Márquez / |c J. López Portillo y Rojas. |
| 264 | |a Guadalajara, México : |b Imprenta de la República Literaria de Ciro L. de Guevara, |c 1890 | ||
| 300 | |a 20 p. ; |c 23.5 cm. | ||
| 649 | |a XX | ||
| 650 | |a Tenencia de la Tierra - |z Jalisco - |x Historia | ||
| 650 | |a Tenencia de la Tierra - |z México - |x Historia | ||
| 650 | |a Derecho de Propiedad - |z Jalisco | ||
| 650 | |a Derecho de Propiedad - |z México | ||
| 650 | |a Derecho Patrimonial - |z Jalisco | ||
| 650 | |a Derecho Patrimonial - |z México | ||
| 650 | |a Derecho Civil - |z Jalisco | ||
| 650 | |a Derecho Civil - |z México | ||
| 650 | |a Derecho Público - |z Jalisco | ||
| 650 | |a Derecho Público - |z México | ||
| 910 | |a Fondo Salvador Reynoso Reynoso | ||
| 920 | |a Impresos - Libros | ||
| 930 | |a Libros Antiguos y Raros | ||
| 905 | |a 108 | ||
| 901 | |a 0800012328 |b IT2 |c LRA |u 20250526 | ||
| 902 | |a https://opac.biblio.iteso.mx/vufind/Record/000132348 | ||